[Event "C16"]
[Site "?"]
[Date "2015.08.06"]
[Round "4.4"]
[White "Wisniewski, Michal"]
[Black "Walter, Szymon"]
[Result "1/2-1/2"]
[LiveChessVersion "1.4.6"]
[BlackElo "2040"]
[WhiteElo "1880"]

1. e4 {[%clk 0:15:18]} c5 {[%clk 0:15:18]} 2. Nf3 {[%clk 0:15:27]} d6
{[%clk 0:15:25]} 3. d4 {[%clk 0:15:35]} cxd4 {[%clk 0:15:33]} 4. Qxd4
{[%clk 0:15:43]} Nc6 {[%clk 0:15:36]} 5. Bb5 {[%clk 0:15:51]} Bd7
{[%clk 0:15:43]} 6. Qd3 {[%clk 0:16:00]} Nf6 {[%clk 0:15:32]} 7. c4
{[%clk 0:16:08]} g6 {[%clk 0:15:00]} 8. Nc3 {[%clk 0:16:15]} Bg7 {[%clk 0:15:08]}
9. O-O {[%clk 0:16:20]} O-O {[%clk 0:14:51]} 10. h3 {[%clk 0:16:29]} Rc8
{[%clk 0:14:28]} 11. Be3 {[%clk 0:16:33]} a6 {[%clk 0:14:08]} 12. Bxc6
{[%clk 0:16:41]} Bxc6 {[%clk 0:14:17]} 13. Nd4 {[%clk 0:16:49]} Nd7
{[%clk 0:13:24]} 14. Rac1 {[%clk 0:16:58]} Nc5 {[%clk 0:09:29]} 15. Qc2
{[%clk 0:17:07]} a5 {[%clk 0:09:33]} 16. a3 {[%clk 0:16:32]} Bd7 {[%clk 0:05:48]}
17. Nd5 {[%clk 0:15:05]} e6 {[%clk 0:05:13]} 18. Nc3 {[%clk 0:15:09]} a4
{[%clk 0:04:27]} 19. Ndb5 {[%clk 0:14:59]} Bxb5 {[%clk 0:04:32]} 20. Nxb5
{[%clk 0:15:02]} Qe7 {[%clk 0:04:13]} 21. Rcd1 {[%clk 0:13:57]} Rfd8
{[%clk 0:04:14]} 22. Nc3 {[%clk 0:13:48]} Bxc3 {[%clk 0:03:55]} 23. Qxc3
{[%clk 0:13:52]} Nxe4 {[%clk 0:03:50]} 24. Qc2 {[%clk 0:13:44]} d5
{[%clk 0:03:41]} 25. Qxa4 {[%clk 0:13:50]} Rxc4 {[%clk 0:03:48]} 26. Qb5
{[%clk 0:13:42]} Rdc8 {[%clk 0:03:36]} 27. Rd3 {[%clk 0:13:18]} Nd6
{[%clk 0:03:23]} 28. Qb3 {[%clk 0:13:07]} Qc7 {[%clk 0:03:10]} 29. Bd4
{[%clk 0:12:57]} Nf5 {[%clk 0:03:02]} 30. Bf6 {[%clk 0:11:48]} d4
{[%clk 0:02:22]} 31. g4 {[%clk 0:11:42]} Ne7 {[%clk 0:02:09]} 32. Rxd4
{[%clk 0:11:45]} Rxd4 {[%clk 0:02:14]} 33. Bxd4 {[%clk 0:11:53]} Nd5
{[%clk 0:02:23]} 34. Re1 {[%clk 0:11:43]} Rd8 {[%clk 0:01:02]} 35. Be5
{[%clk 0:11:26]} Qc6 {[%clk 0:01:08]} 36. Qf3 {[%clk 0:11:06]} Rf8
{[%clk 0:00:37]} 37. g5 {[%clk 0:10:43]} Qc2 {[%clk 0:00:43]} 38. Rd1
{[%clk 0:09:58]} Re8 {[%clk 0:00:28]} 39. Rxd5 {[%clk 0:08:54]} exd5
{[%clk 0:00:35]} 40. Qf6 {[%clk 0:09:02]} Rxe5 {[%clk 0:00:31]} 41. Qxe5 1/2-1/2

[Event "C16"]
[Site "?"]
[Date "2015.08.06"]
[Round "4.5"]
[White "Zaleski, Lukasz"]
[Black "Adamczewski, Maciej"]
[Result "0-1"]
[LiveChessVersion "1.4.6"]
[BlackElo "1863"]
[WhiteElo "1955"]

1. e4 {[%clk 0:15:17]} c5 {[%clk 0:15:18]} 2. Nf3 {[%clk 0:15:25]} e6
{[%clk 0:15:23]} 3. d4 {[%clk 0:15:34]} cxd4 {[%clk 0:15:31]} 4. Nxd4
{[%clk 0:15:43]} a6 {[%clk 0:15:40]} 5. Bd3 {[%clk 0:15:51]} Qc7 {[%clk 0:15:48]}
6. O-O {[%clk 0:15:56]} Nf6 {[%clk 0:15:55]} 7. Qe2 {[%clk 0:16:03]} d6
{[%clk 0:16:00]} 8. c4 {[%clk 0:16:09]} Be7 {[%clk 0:16:06]} 9. Nc3
{[%clk 0:16:17]} Nbd7 {[%clk 0:16:13]} 10. Kh1 {[%clk 0:16:21]} Ne5
{[%clk 0:16:13]} 11. f4 {[%clk 0:16:23]} Nxd3 {[%clk 0:16:09]} 12. Qxd3
{[%clk 0:16:31]} O-O {[%clk 0:15:53]} 13. Be3 {[%clk 0:16:21]} Bd7
{[%clk 0:15:55]} 14. Rac1 {[%clk 0:16:26]} Rac8 {[%clk 0:15:22]} 15. b3
{[%clk 0:16:25]} b6 {[%clk 0:15:07]} 16. Rfd1 {[%clk 0:16:07]} Rfd8
{[%clk 0:15:08]} 17. Qe2 {[%clk 0:15:44]} Bc6 {[%clk 0:15:02]} 18. Nd5
{[%clk 0:14:18]} Qb7 {[%clk 0:14:18]} 19. Nxe7+ {[%clk 0:14:10]} Qxe7
{[%clk 0:14:25]} 20. Nxc6 {[%clk 0:14:12]} Rxc6 {[%clk 0:14:34]} 21. Qf3
{[%clk 0:12:37]} e5 {[%clk 0:13:38]} 22. f5 {[%clk 0:12:09]} h6 {[%clk 0:13:30]}
23. a4 {[%clk 0:10:48]} Kh8 {[%clk 0:12:58]} 24. Bf2 {[%clk 0:10:13]} Nh7
{[%clk 0:12:47]} 25. Rd5 {[%clk 0:09:46]} Kg8 {[%clk 0:09:33]} 26. Rcd1
{[%clk 0:08:59]} Kf8 {[%clk 0:08:45]} 27. Qg3 {[%clk 0:08:37]} Nf6
{[%clk 0:08:34]} 28. Qd3 {[%clk 0:06:10]} Nxd5 {[%clk 0:06:23]} 29. cxd5
{[%clk 0:06:07]} Rcc8 {[%clk 0:06:15]} 30. Bxb6 {[%clk 0:06:11]} Re8
{[%clk 0:06:19]} 31. Qxa6 {[%clk 0:06:07]} Rc2 {[%clk 0:06:27]} 32. Ba5
{[%clk 0:04:54]} Rec8 {[%clk 0:06:25]} 33. h3 {[%clk 0:04:05]} Qg5
{[%clk 0:06:07]} 34. Qxd6+ {[%clk 0:03:38]} Kg8 {[%clk 0:06:16]} 35. Rg1
{[%clk 0:03:44]} Qf4 {[%clk 0:05:55]} 36. Qa6 {[%clk 0:01:49]} Rc1
{[%clk 0:05:41]} 37. Bb6 {[%clk 0:00:59]} Qxe4 {[%clk 0:05:01]} 38. Qa7
{[%clk 0:00:20]} R8c2 {[%clk 0:04:49]} 39. Bf2 {[%clk 0:00:16]} Qxd5
{[%clk 0:04:22]} 40. Qe3 {[%clk 0:00:12]} Rxg1+ {[%clk 0:03:43]} 41. Kxg1
{[%clk 0:00:19]} Rb2 {[%clk 0:03:48]} 42. b4 {[%clk 0:00:12]} Rxb4
{[%clk 0:03:51]} 43. Bg3 {[%clk 0:00:21]} Rb1+ {[%clk 0:03:53]} 44. Kh2
{[%clk 0:00:27]} Rb2 {[%clk 0:04:01]} 45. Bf2 {[%clk 0:00:23]} Ra2
{[%clk 0:04:05]} 46. Qc3 {[%clk 0:00:12]} Rxf2 {[%clk 0:04:09]} 0-1

[Event "C16"]
[Site "?"]
[Date "2015.08.07"]
[Round "5.1"]
[White "Janik, Igor"]
[Black "Winiarski, Mikolaj"]
[Result "1-0"]
[LiveChessVersion "1.4.6"]
[BlackElo "2070"]
[WhiteElo "2124"]

1. e4 {[%clk 0:15:18]} Nf6 {[%clk 0:15:19]} 2. e5 {[%clk 0:15:23]} Nd5
{[%clk 0:15:27]} 3. d4 {[%clk 0:15:29]} d6 {[%clk 0:15:36]} 4. Nf3
{[%clk 0:15:33]} g6 {[%clk 0:15:44]} 5. c4 {[%clk 0:15:30]} Nb6 {[%clk 0:15:52]}
6. exd6 {[%clk 0:15:37]} cxd6 {[%clk 0:16:00]} 7. h3 {[%clk 0:15:35]} Bg7
{[%clk 0:16:08]} 8. Be3 {[%clk 0:15:29]} O-O {[%clk 0:16:11]} 9. Be2
{[%clk 0:15:24]} Nc6 {[%clk 0:16:02]} 10. O-O {[%clk 0:15:05]} Bf5
{[%clk 0:16:03]} 11. Nc3 {[%clk 0:14:53]} Rc8 {[%clk 0:15:17]} 12. Rc1
{[%clk 0:14:33]} e5 {[%clk 0:14:24]} 13. d5 {[%clk 0:14:23]} Ne7 {[%clk 0:14:05]}
14. b3 {[%clk 0:14:10]} e4 {[%clk 0:13:59]} 15. Nd4 {[%clk 0:13:59]} Re8
{[%clk 0:11:46]} 16. Bg5 {[%clk 0:12:48]} h6 {[%clk 0:11:42]} 17. Bf4
{[%clk 0:11:51]} g5 {[%clk 0:11:33]} 18. Bh2 {[%clk 0:11:24]} a6 {[%clk 0:09:17]}
19. Re1 {[%clk 0:09:54]} Bg6 {[%clk 0:08:02]} 20. Bg4 {[%clk 0:08:13]} f5
{[%clk 0:08:11]} 21. Ne6 {[%clk 0:08:14]} Qd7 {[%clk 0:08:10]} 22. Nxg7
{[%clk 0:07:51]} Kxg7 {[%clk 0:08:06]} 23. Qd4+ {[%clk 0:07:59]} Kh7
{[%clk 0:08:13]} 24. Nxe4 {[%clk 0:07:24]} Rf8 {[%clk 0:08:06]} 25. Nf6+
{[%clk 0:06:55]} Rxf6 {[%clk 0:08:15]} 26. Qxf6 {[%clk 0:07:03]} Ng8
{[%clk 0:08:24]} 27. Qd4 {[%clk 0:07:10]} fxg4 {[%clk 0:07:58]} 28. Qxb6
{[%clk 0:07:18]} gxh3 {[%clk 0:08:07]} 29. Qxd6 {[%clk 0:07:18]} 1-0

[Event "C16"]
[Site "?"]
[Date "2015.08.07"]
[Round "5.2"]
[White "Adamczewski, Maciej"]
[Black "Karpus, Michal"]
[Result "1/2-1/2"]
[LiveChessVersion "1.4.6"]
[BlackElo "1971"]
[WhiteElo "1863"]

1. d4 {[%clk 0:15:19]} Nf6 {[%clk 0:15:18]} 2. Nf3 {[%clk 0:15:27]} g6
{[%clk 0:15:27]} 3. c4 {[%clk 0:15:35]} Bg7 {[%clk 0:15:35]} 4. Nc3
{[%clk 0:15:44]} O-O {[%clk 0:15:43]} 5. g3 {[%clk 0:15:52]} d6 {[%clk 0:15:50]}
6. Bg2 {[%clk 0:16:01]} Nc6 {[%clk 0:15:58]} 7. O-O {[%clk 0:15:33]} Bg4
{[%clk 0:16:06]} 8. b3 {[%clk 0:14:27]} Bxf3 {[%clk 0:15:51]} 9. exf3
{[%clk 0:14:32]} Nd7 {[%clk 0:15:55]} 10. Be3 {[%clk 0:14:12]} e5
{[%clk 0:15:47]} 11. Ne2 {[%clk 0:13:56]} f5 {[%clk 0:13:53]} 12. f4
{[%clk 0:13:40]} e4 {[%clk 0:13:39]} 13. Rc1 {[%clk 0:13:08]} a5 {[%clk 0:13:17]}
14. d5 {[%clk 0:13:05]} Nb4 {[%clk 0:13:26]} 15. a3 {[%clk 0:12:26]} Nd3
{[%clk 0:13:27]} 16. Rb1 {[%clk 0:12:31]} Re8 {[%clk 0:10:53]} 17. Qc2
{[%clk 0:11:50]} c6 {[%clk 0:10:11]} 18. dxc6 {[%clk 0:10:15]} bxc6
{[%clk 0:10:19]} 19. Rfd1 {[%clk 0:10:13]} Rc8 {[%clk 0:10:22]} 20. Nd4
{[%clk 0:10:01]} d5 {[%clk 0:08:31]} 21. Qa2 {[%clk 0:07:09]} Nb6
{[%clk 0:06:21]} 22. c5 {[%clk 0:06:21]} Nxc5 {[%clk 0:03:39]} 23. Nxf5
{[%clk 0:06:12]} gxf5 {[%clk 0:03:46]} 24. Bxc5 {[%clk 0:06:20]} Kh8
{[%clk 0:02:55]} 25. Bh3 {[%clk 0:05:42]} Nd7 {[%clk 0:02:42]} 26. Qc2
{[%clk 0:04:56]} Nxc5 {[%clk 0:01:48]} 27. Qxc5 {[%clk 0:05:04]} Rf8
{[%clk 0:01:37]} 28. Rbc1 {[%clk 0:04:58]} 1/2-1/2

[Event "C16"]
[Site "?"]
[Date "2015.08.07"]
[Round "5.3"]
[White "Szostko, Jakub"]
[Black "Walter, Szymon"]
[Result "1/2-1/2"]
[LiveChessVersion "1.4.6"]
[BlackElo "2040"]
[WhiteElo "1917"]

1. e4 {[%clk 0:15:19]} c5 {[%clk 0:15:18]} 2. Nf3 {[%clk 0:15:27]} d6
{[%clk 0:15:24]} 3. d4 {[%clk 0:15:36]} cxd4 {[%clk 0:15:32]} 4. Nxd4
{[%clk 0:15:45]} Nf6 {[%clk 0:15:38]} 5. Nc3 {[%clk 0:15:53]} g6 {[%clk 0:15:44]}
6. Be3 {[%clk 0:16:01]} Bg7 {[%clk 0:15:51]} 7. f3 {[%clk 0:16:10]} O-O
{[%clk 0:15:58]} 8. Qd2 {[%clk 0:16:18]} Nc6 {[%clk 0:16:05]} 9. Bc4
{[%clk 0:16:24]} Bd7 {[%clk 0:16:11]} 10. O-O-O {[%clk 0:16:31]} Rc8
{[%clk 0:16:16]} 11. Bb3 {[%clk 0:16:40]} Nxd4 {[%clk 0:16:20]} 12. Bxd4
{[%clk 0:16:48]} b5 {[%clk 0:16:27]} 13. Nd5 {[%clk 0:16:50]} Nxd5
{[%clk 0:16:34]} 14. Bxg7 {[%clk 0:16:57]} Kxg7 {[%clk 0:16:41]} 15. exd5
{[%clk 0:17:06]} a5 {[%clk 0:16:46]} 16. a3 {[%clk 0:17:14]} b4 {[%clk 0:16:45]}
17. axb4 {[%clk 0:17:19]} axb4 {[%clk 0:16:52]} 18. Qxb4 {[%clk 0:17:18]} Kg8
{[%clk 0:16:56]} 19. Rhe1 {[%clk 0:16:46]} Re8 {[%clk 0:17:01]} 20. Rd4
{[%clk 0:16:47]} Rb8 {[%clk 0:11:37]} 21. Qc3 {[%clk 0:16:53]} Bb5
{[%clk 0:10:51]} 22. Rde4 {[%clk 0:15:21]} Rb7 {[%clk 0:10:18]} 23. Kd2
{[%clk 0:14:32]} Qb6 {[%clk 0:09:54]} 24. Qe3 {[%clk 0:13:59]} Qa5+
{[%clk 0:09:45]} 25. Qc3 {[%clk 0:14:01]} Qb6 {[%clk 0:09:47]} 26. Qe3
{[%clk 0:11:39]} Qa5+ {[%clk 0:09:49]} 1/2-1/2

[Event "C16"]
[Site "?"]
[Date "2015.08.07"]
[Round "5.4"]
[White "Czerniawski, Krzysztof"]
[Black "Grela, Kacper"]
[Result "1/2-1/2"]
[LiveChessVersion "1.4.6"]
[BlackElo "2015"]
[WhiteElo "1833"]

1. e4 {[%clk 0:15:17]} c5 {[%clk 0:15:18]} 2. Nf3 {[%clk 0:15:15]} d6
{[%clk 0:15:24]} 3. d4 {[%clk 0:15:17]} cxd4 {[%clk 0:15:33]} 4. Nxd4
{[%clk 0:15:25]} Nf6 {[%clk 0:15:42]} 5. Nc3 {[%clk 0:15:32]} Nc6
{[%clk 0:15:50]} 6. Bg5 {[%clk 0:15:17]} e6 {[%clk 0:15:58]} 7. Qd2
{[%clk 0:15:03]} a6 {[%clk 0:16:06]} 8. O-O-O {[%clk 0:15:07]} h6
{[%clk 0:16:14]} 9. Bxf6 {[%clk 0:14:00]} Qxf6 {[%clk 0:15:53]} 10. Nxc6
{[%clk 0:13:45]} bxc6 {[%clk 0:15:58]} 11. f4 {[%clk 0:13:45]} e5
{[%clk 0:15:32]} 12. fxe5 {[%clk 0:13:19]} Qxe5 {[%clk 0:15:38]} 13. Bc4
{[%clk 0:13:25]} Be7 {[%clk 0:15:34]} 14. Qd4 {[%clk 0:11:17]} Qxd4
{[%clk 0:13:12]} 15. Rxd4 {[%clk 0:11:21]} Be6 {[%clk 0:13:20]} 16. Bb3
{[%clk 0:10:29]} O-O {[%clk 0:11:21]} 17. h3 {[%clk 0:09:57]} Bg5+
{[%clk 0:11:16]} 18. Kb1 {[%clk 0:09:43]} Bf4 {[%clk 0:11:24]} 19. Ne2
{[%clk 0:09:02]} Be5 {[%clk 0:11:33]} 20. Ra4 {[%clk 0:09:08]} a5
{[%clk 0:10:02]} 21. Nd4 {[%clk 0:08:24]} Bd7 {[%clk 0:10:05]} 22. Nf3
{[%clk 0:07:20]} Bg3 {[%clk 0:09:03]} 23. Rd4 Rfc8 {[%clk 0:08:48]} 24. Bc4
{[%clk 0:06:01]} Be6 {[%clk 0:08:33]} 25. Bxe6 {[%clk 0:05:13]} fxe6
{[%clk 0:08:41]} 26. e5 {[%clk 0:05:15]} d5 {[%clk 0:08:01]} 27. Rg4
{[%clk 0:04:50]} Bf2 {[%clk 0:08:08]} 28. Rf1 {[%clk 0:04:59]} Bc5
{[%clk 0:07:50]} 29. c3 {[%clk 0:04:58]} Rf8 {[%clk 0:07:49]} 30. Rg6
{[%clk 0:04:50]} Rae8 {[%clk 0:07:47]} 31. Kc2 {[%clk 0:04:53]} Bb6
{[%clk 0:07:53]} 32. Rg4 {[%clk 0:04:27]} c5 {[%clk 0:07:55]} 33. a3
{[%clk 0:04:26]} Rf5 {[%clk 0:07:53]} 34. b4 {[%clk 0:04:16]} axb4
{[%clk 0:07:01]} 35. axb4 {[%clk 0:04:18]} Ref8 {[%clk 0:05:45]} 36. Ra1
{[%clk 0:04:03]} cxb4 {[%clk 0:03:26]} 37. Rxb4 {[%clk 0:04:11]} Bc7
{[%clk 0:03:21]} 38. Re1 {[%clk 0:04:16]} Rf4 {[%clk 0:03:09]} 39. Nd4
{[%clk 0:04:15]} Rf2+ {[%clk 0:02:53]} 40. Kb3 {[%clk 0:04:06]} Re8
{[%clk 0:02:58]} 41. Rb7 Bd8 {[%clk 0:02:36]} 42. g4 {[%clk 0:03:24]} Bg5
{[%clk 0:02:25]} 43. Ra1 {[%clk 0:02:39]} Bf4 {[%clk 0:02:16]} 44. Nc6
{[%clk 0:02:20]} Re2 {[%clk 0:02:16]} 45. Raa7 {[%clk 0:02:30]} Bxe5
{[%clk 0:01:39]} 46. Nxe5 {[%clk 0:02:29]} 1/2-1/2

[Event "C16"]
[Site "?"]
[Date "2015.08.07"]
[Round "5.5"]
[White "Koziol, Kamil"]
[Black "Nowak, Kamil"]
[Result "1/2-1/2"]
[LiveChessVersion "1.4.6"]
[BlackElo "1805"]
[WhiteElo "1962"]

1. e4 {[%clk 0:14:59]} c5 {[%clk 0:15:18]} 2. Nf3 {[%clk 0:15:08]} d6
{[%clk 0:15:27]} 3. d4 {[%clk 0:15:18]} cxd4 {[%clk 0:15:36]} 4. Nxd4
{[%clk 0:15:27]} Nf6 {[%clk 0:15:44]} 5. Nc3 {[%clk 0:15:34]} a6 {[%clk 0:15:52]}
6. Be3 {[%clk 0:15:17]} e5 {[%clk 0:15:55]} 7. Nb3 {[%clk 0:15:16]} Be6
{[%clk 0:15:51]} 8. f3 {[%clk 0:14:21]} Be7 {[%clk 0:15:51]} 9. Qd2
{[%clk 0:14:24]} Nbd7 {[%clk 0:15:51]} 10. g4 {[%clk 0:13:48]} b5
{[%clk 0:15:11]} 11. O-O-O {[%clk 0:11:00]} Nb6 {[%clk 0:15:03]} 12. Kb1
{[%clk 0:08:52]} O-O {[%clk 0:13:36]} 13. h4 {[%clk 0:06:57]} b4 {[%clk 0:13:12]}
14. Bxb6 {[%clk 0:06:12]} Qxb6 {[%clk 0:13:20]} 15. Nd5 {[%clk 0:06:14]} Bxd5
{[%clk 0:12:53]} 16. exd5 {[%clk 0:06:22]} a5 {[%clk 0:12:31]} 17. h5
{[%clk 0:05:44]} a4 {[%clk 0:12:00]} 18. Nc1 {[%clk 0:05:52]} h6 {[%clk 0:10:11]}
19. Bc4 {[%clk 0:04:32]} Nh7 {[%clk 0:08:29]} 20. Nd3 {[%clk 0:03:23]} Rab8
{[%clk 0:06:55]} 21. Qf2 {[%clk 0:03:19]} Bg5 {[%clk 0:06:18]} 22. Rhe1
{[%clk 0:02:07]} f5 {[%clk 0:05:21]} 23. Qg2 {[%clk 0:01:48]} Rbc8
{[%clk 0:04:26]} 24. b3 {[%clk 0:01:44]} a3 {[%clk 0:04:35]} 25. Re2
{[%clk 0:01:09]} Qd4 {[%clk 0:04:14]} 26. Qg1 {[%clk 0:00:59]} Qc3
{[%clk 0:04:11]} 27. Qe1 {[%clk 0:00:53]} Qd4 {[%clk 0:03:18]} 28. Qg1
{[%clk 0:01:02]} Qc3 {[%clk 0:02:34]} 1/2-1/2

[Event "C16"]
[Site "?"]
[Date "2015.08.07"]
[Round "6.1"]
[White "Karpus, Michal"]
[Black "Janik, Igor"]
[Result "1/2-1/2"]
[LiveChessVersion "1.4.6"]
[BlackElo "2124"]
[WhiteElo "1971"]

1. e4 {[%clk 0:15:18]} c5 {[%clk 0:15:19]} 2. Nf3 {[%clk 0:15:26]} Nc6
{[%clk 0:15:28]} 3. d4 {[%clk 0:15:34]} cxd4 {[%clk 0:15:36]} 4. Nxd4
{[%clk 0:15:43]} g6 {[%clk 0:15:45]} 5. c4 {[%clk 0:15:50]} Bg7 {[%clk 0:15:53]}
6. Nc2 {[%clk 0:15:58]} Nf6 {[%clk 0:16:02]} 7. Nc3 {[%clk 0:16:06]} O-O
{[%clk 0:16:09]} 8. Be2 {[%clk 0:16:14]} d6 {[%clk 0:16:17]} 9. O-O
{[%clk 0:16:20]} Be6 {[%clk 0:16:24]} 10. Be3 {[%clk 0:16:08]} Rc8
{[%clk 0:16:30]} 11. Qd2 {[%clk 0:16:07]} a6 {[%clk 0:16:01]} 12. Rac1
{[%clk 0:16:05]} Nd7 {[%clk 0:15:40]} 13. Rfd1 {[%clk 0:15:42]} Nce5
{[%clk 0:15:03]} 14. b3 {[%clk 0:15:43]} b5 {[%clk 0:14:54]} 15. Nd4
{[%clk 0:14:07]} bxc4 {[%clk 0:14:46]} 16. Nxe6 {[%clk 0:14:14]} fxe6
{[%clk 0:14:52]} 17. f4 {[%clk 0:13:10]} Nd3 {[%clk 0:14:40]} 18. Bxd3
{[%clk 0:13:16]} cxd3 {[%clk 0:14:49]} 19. Qxd3 {[%clk 0:13:23]} Qa5
{[%clk 0:13:21]} 20. Na4 {[%clk 0:12:25]} e5 {[%clk 0:12:10]} 21. f5
{[%clk 0:11:27]} gxf5 {[%clk 0:11:51]} 22. exf5 {[%clk 0:11:35]} Nf6
{[%clk 0:11:53]} 23. Nb6 {[%clk 0:04:58]} Rxc1 {[%clk 0:11:26]} 24. Rxc1
{[%clk 0:05:07]} e4 {[%clk 0:08:47]} 25. Qc4+ {[%clk 0:04:06]} d5
{[%clk 0:08:24]} 26. Qc6 {[%clk 0:04:15]} Kh8 {[%clk 0:07:28]} 27. Nd7
{[%clk 0:03:10]} Nxd7 {[%clk 0:06:44]} 28. Qxd7 {[%clk 0:03:18]} Qd8
{[%clk 0:06:05]} 29. Qe6 {[%clk 0:03:07]} Qd6 {[%clk 0:04:03]} 30. Rd1
{[%clk 0:01:46]} Rd8 {[%clk 0:03:24]} 31. Bb6 {[%clk 0:01:15]} Rb8
{[%clk 0:01:04]} 32. Be3 {[%clk 0:01:23]} Rd8 {[%clk 0:00:27]} 33. Bb6
{[%clk 0:01:32]} Rb8 {[%clk 0:00:36]} 1/2-1/2

[Event "C16"]
[Site "?"]
[Date "2015.08.07"]
[Round "6.2"]
[White "Winiarski, Mikolaj"]
[Black "Szostko, Jakub"]
[Result "1/2-1/2"]
[LiveChessVersion "1.4.6"]
[BlackElo "1917"]
[WhiteElo "2070"]

1. d4 {[%clk 0:15:19]} Nf6 {[%clk 0:15:19]} 2. c4 {[%clk 0:15:28]} e6
{[%clk 0:15:25]} 3. g3 {[%clk 0:15:35]} d5 {[%clk 0:15:33]} 4. cxd5
{[%clk 0:15:38]} exd5 {[%clk 0:15:41]} 5. Bg2 {[%clk 0:15:47]} Be7
{[%clk 0:15:40]} 6. Nf3 {[%clk 0:15:55]} O-O {[%clk 0:15:48]} 7. O-O
{[%clk 0:16:04]} c6 {[%clk 0:15:56]} 8. Nc3 {[%clk 0:16:04]} Bf5 {[%clk 0:15:28]}
9. a3 {[%clk 0:15:35]} Nbd7 {[%clk 0:15:26]} 10. b4 {[%clk 0:15:43]} a6
{[%clk 0:15:32]} 11. Bb2 {[%clk 0:15:26]} Ne4 {[%clk 0:15:21]} 12. Nxe4
{[%clk 0:14:49]} Bxe4 {[%clk 0:15:28]} 13. Re1 {[%clk 0:14:43]} Qb6
{[%clk 0:14:13]} 14. Bc3 {[%clk 0:13:38]} Nf6 {[%clk 0:13:47]} 15. Qd2
{[%clk 0:13:11]} Rfe8 {[%clk 0:13:25]} 16. Qf4 {[%clk 0:12:32]} Qd8
{[%clk 0:12:36]} 17. Qd2 {[%clk 0:11:45]} Bd6 {[%clk 0:12:38]} 18. Qb2
{[%clk 0:11:51]} h6 {[%clk 0:11:40]} 19. a4 {[%clk 0:11:25]} Nd7 {[%clk 0:09:57]}
20. Bf1 {[%clk 0:09:36]} Qc7 {[%clk 0:09:26]} 21. Nd2 {[%clk 0:09:23]} Bh7
{[%clk 0:09:35]} 22. e3 {[%clk 0:07:35]} Nf6 {[%clk 0:08:46]} 23. b5
{[%clk 0:07:27]} axb5 {[%clk 0:08:54]} 24. axb5 {[%clk 0:07:36]} Ne4
{[%clk 0:08:54]} 25. Nxe4 {[%clk 0:07:38]} Bxe4 {[%clk 0:09:02]} 26. Bb4
{[%clk 0:06:34]} Bxb4 {[%clk 0:08:43]} 27. Qxb4 {[%clk 0:06:43]} Qd7
{[%clk 0:08:47]} 28. bxc6 {[%clk 0:05:53]} bxc6 {[%clk 0:08:57]} 29. Bg2
{[%clk 0:05:52]} Bxg2 {[%clk 0:08:58]} 30. Kxg2 {[%clk 0:06:01]} Reb8
{[%clk 0:08:03]} 31. Qc3 {[%clk 0:06:06]} Rxa1 {[%clk 0:06:56]} 32. Rxa1
{[%clk 0:06:15]} Rc8 {[%clk 0:06:49]} 33. Qc5 {[%clk 0:06:04]} Qe6
{[%clk 0:06:47]} 34. Rc1 {[%clk 0:05:38]} h5 {[%clk 0:06:33]} 35. h4
{[%clk 0:05:27]} Qe4+ {[%clk 0:06:11]} 36. Kg1 {[%clk 0:05:32]} Qe6
{[%clk 0:06:03]} 37. Qc2 {[%clk 0:05:19]} g6 {[%clk 0:05:59]} 38. Qe2
{[%clk 0:05:19]} Kg7 {[%clk 0:05:49]} 39. Qf3 {[%clk 0:05:21]} Qd6
{[%clk 0:05:39]} 40. Rc5 {[%clk 0:05:02]} Rb8 {[%clk 0:05:25]} 41. Kg2
{[%clk 0:05:07]} Rb5 {[%clk 0:05:25]} 42. Rc2 1/2-1/2

[Event "C16"]
[Site "?"]
[Date "2015.08.07"]
[Round "6.3"]
[White "Adamczewski, Maciej"]
[Black "Klepek, Witold"]
[Result "1-0"]
[LiveChessVersion "1.4.6"]
[BlackElo "1923"]
[WhiteElo "1863"]

1. d4 {[%clk 0:15:19]} Nf6 {[%clk 0:15:19]} 2. Nf3 {[%clk 0:15:28]} g6
{[%clk 0:15:28]} 3. c4 {[%clk 0:15:37]} c5 {[%clk 0:15:37]} 4. d5
{[%clk 0:15:44]} b5 {[%clk 0:15:46]} 5. cxb5 {[%clk 0:15:52]} a6 {[%clk 0:15:55]}
6. bxa6 {[%clk 0:16:01]} Bxa6 {[%clk 0:16:04]} 7. Nc3 {[%clk 0:16:10]} d6
{[%clk 0:16:13]} 8. e4 {[%clk 0:16:19]} Bxf1 {[%clk 0:16:21]} 9. Kxf1
{[%clk 0:16:28]} Bg7 {[%clk 0:16:30]} 10. g3 {[%clk 0:16:33]} O-O
{[%clk 0:16:38]} 11. Kg2 {[%clk 0:16:41]} Nbd7 {[%clk 0:16:33]} 12. a4
{[%clk 0:16:50]} Ra6 {[%clk 0:16:30]} 13. Qc2 {[%clk 0:15:30]} Qa8
{[%clk 0:16:17]} 14. Ra3 {[%clk 0:15:30]} Ng4 {[%clk 0:15:17]} 15. Nb5
{[%clk 0:14:19]} Rb6 {[%clk 0:14:49]} 16. Nd2 {[%clk 0:14:16]} f5
{[%clk 0:14:13]} 17. Nc4 {[%clk 0:12:34]} Rb7 {[%clk 0:14:17]} 18. f3
{[%clk 0:12:00]} Nge5 {[%clk 0:13:53]} 19. Nxe5 {[%clk 0:11:32]} Nxe5
{[%clk 0:13:41]} 20. Bf4 {[%clk 0:11:05]} fxe4 {[%clk 0:12:58]} 21. Qxe4
{[%clk 0:10:09]} Qa5 {[%clk 0:11:02]} 22. Rd1 {[%clk 0:09:46]} Rxb5
{[%clk 0:06:37]} 23. axb5 {[%clk 0:09:28]} Qxb5 {[%clk 0:06:46]} 24. Ra7
{[%clk 0:07:54]} Qxb2+ {[%clk 0:06:30]} 25. Rd2 {[%clk 0:07:57]} Qc3
{[%clk 0:06:19]} 26. Rxe7 {[%clk 0:07:07]} Bf6 {[%clk 0:04:06]} 27. Rb7
{[%clk 0:05:16]} Ra8 {[%clk 0:03:03]} 28. Rdb2 {[%clk 0:04:58]} Qd3
{[%clk 0:01:15]} 29. Rb8+ {[%clk 0:03:55]} Rxb8 {[%clk 0:01:20]} 30. Rxb8+
{[%clk 0:04:04]} Kf7 {[%clk 0:01:22]} 31. Rb7+ {[%clk 0:03:53]} Kg8
{[%clk 0:01:31]} 32. Qxd3 {[%clk 0:03:17]} Nxd3 {[%clk 0:01:40]} 33. Bxd6
{[%clk 0:03:25]} c4 {[%clk 0:01:46]} 34. Rc7 {[%clk 0:03:05]} c3 {[%clk 0:01:55]}
35. Kf1 {[%clk 0:03:11]} Nb2 {[%clk 0:01:26]} 36. Ke2 {[%clk 0:03:12]} Bd4
{[%clk 0:01:35]} 37. Bb4 {[%clk 0:03:15]} Na4 {[%clk 0:01:35]} 38. Kd3
{[%clk 0:03:21]} Bg1 {[%clk 0:01:43]} 39. Bxc3 {[%clk 0:02:52]} Nxc3
{[%clk 0:01:49]} 40. Rxc3 {[%clk 0:02:56]} Bxh2 {[%clk 0:01:58]} 41. f4
{[%clk 0:02:40]} Bxg3 {[%clk 0:02:02]} 42. Ke4 {[%clk 0:02:50]} Be1
{[%clk 0:02:09]} 43. Re3 {[%clk 0:02:50]} Bf2 {[%clk 0:02:06]} 44. Re2
{[%clk 0:02:57]} Bc5 {[%clk 0:02:14]} 45. Ke5 {[%clk 0:03:05]} Kf8
{[%clk 0:02:20]} 46. Ke6 {[%clk 0:03:07]} Ke8 {[%clk 0:02:29]} 47. Rh2
{[%clk 0:03:12]} h5 {[%clk 0:02:39]} 48. Rg2 {[%clk 0:03:20]} h4 {[%clk 0:02:38]}
49. Rxg6 {[%clk 0:03:29]} Kf8 {[%clk 0:02:42]} 50. Rh6 {[%clk 0:03:36]} Bf2
{[%clk 0:02:51]} 51. d6 {[%clk 0:03:44]} 1-0